000 00570 a2200193 4500
001 61685
005 20260407155907.0
008 260407a1960 arg spa d
003 AR-UNSa-BCEJYS
040 _aAR-UNSa-BCEJYS
_bspa
_cAR-UNSa-BCEJYS
080 _a347.74
_xContratos mercantiles (comerciales...leasing))
245 1 0 _aContratos
264 1 _aBuenos Aires :
_bTEA (Tipográfica Editora Argentina)
_c1960
300 _a3 v. (665 ; 465 ; 419 p.)
_c23 cm.
041 _aspa
942 _cBK
590 _aniveau_biblio:m niveau_hierar:0
100 1 _aMuñoz, Luis
999 _c7361
_d7361